| 000 | 01482nam a22003977a 4500 | ||
|---|---|---|---|
| 003 | CHAP | ||
| 005 | 20220329143715.0 | ||
| 008 | 110315s2011 mx r 00010 spa d | ||
| 010 | _a100647 | ||
| 011 | _a101619 | ||
| 035 | _a112307 | ||
| 040 | _cCHAP | ||
| 090 | _aTesis | ||
| 100 | 1 |
_aShah Gardizi, Habib _9105451 |
|
| 245 | 1 | 0 |
_aHongos endomicorrízicos combinados con composta en calabacita hidroponía en invernadero _h[En línea] _c/por Habib Shah Gardizi |
| 260 |
_aChapingo, Méx. : _bEl autor, _c2011 |
||
| 500 | _aPara ver el contenido del material haga clic en la liga | ||
| 502 | _aTesis (M. C. en Horticultura) -- UACH. Departamento de Fitotecnia | ||
| 590 |
_aALEPH _b10 _c20130110 _lUCH01 _h1539 |
||
| 590 |
_aBATCH-UPD _b10 _c20130110 _lUCH01 _h0917 |
||
| 590 |
_aBATCH-UPD _b10 _c20130914 _lUCH01 _h0815 |
||
| 590 |
_aBATCH-UPD _b10 _c20140324 _lUCH01 _h1523 |
||
| 590 |
_aBATCH-UPD _b10 _c20141002 _lUCH01 _h0848 |
||
| 590 |
_aCONVERSION _b10 _c20130109 _lUCH01 _h1355 |
||
| 650 | 1 | 4 |
_aCalabaza. _917261 |
| 650 | 1 | 4 |
_aCompost. _926105 |
| 650 | 1 | 4 |
_aCultivos asociados. _930370 |
| 650 | 1 | 4 |
_aCultivos en invernadero. _930376 |
| 650 | 1 | 4 |
_aHidroponía. _955280 |
| 650 | 1 | 4 |
_aHongos. _956084 |
| 856 |
_3Finding aid _uhttp://10.13.5.2/tesis/112307.pdf _zTeclea aqui |
||
| 901 | _aBK | ||
| 942 | _cFOLL | ||
| 949 |
_aTesis _bBC _cTES _d33724002238611 _eTS1 _gDonaciØn _h52071 _i112307 _st |
||
| 949 |
_aTesis _bBC _cTES _d33724002238652 _eTS2 _fc.2 _gDonaciØn _h52072 _i112307 _st |
||
| 999 |
_c100647 _d100647 |
||